| 000 | 00767nam a22002417a 4500 | ||
|---|---|---|---|
| 003 | UA-OsUOA | ||
| 001 | 93418 | ||
| 007 | ta | ||
| 008 | 20130121b un ||||| |||| 00| 0 ukr d | ||
| 100 | _aЧорногуз О. | ||
| 090 |
_a82-92 _bЧ-75 |
||
| 942 | _cBK | ||
| 040 |
_aUA-OsUOA _bukr _cUA-OsUOA _dUA-OsUOA |
||
| 245 |
_aВеселий посібник для майбутніх ювілярів _bвітання, тости, присвяти, публіцистика _cупор. В. С. Рабенчук |
||
| 300 | _a224 с. | ||
| 955 | _a2 | ||
| 041 | _aukr | ||
| 080 | _a82-92 | ||
| 020 | _a978-617-533-021-0 | ||
| 260 |
_aВінниця _bДКФ _c2011 |
||
| 650 | 7 |
_a82 Література. Літературознавство _2UDC |
|
| 999 |
_c379662 _d379662 |
||